Hasuru honnu (Record no. 180182)
[ view plain ]
| 000 -LEADER | |
|---|---|
| fixed length control field | 02113nam a2200229Ia 4500 |
| 003 - CONTROL NUMBER IDENTIFIER | |
| control field | OSt |
| 005 - DATE AND TIME OF LATEST TRANSACTION | |
| control field | 20251211094418.0 |
| 008 - FIXED-LENGTH DATA ELEMENTS--GENERAL INFORMATION | |
| fixed length control field | 210707s1983 xx 000 0 und d |
| 040 ## - CATALOGING SOURCE | |
| Transcribing agency | AL |
| 041 ## - LANGUAGE CODE | |
| Language code of text/sound track or separate title | Kannada |
| 082 ## - DEWEY DECIMAL CLASSIFICATION NUMBER | |
| Classification number | K894.4 SVAH |
| 100 ## - MAIN ENTRY--PERSONAL NAME | |
| Personal name | SVAMI (B G L) |
| Dates associated with a name | ಸ್ವಾಮಿ (ಬಿ ಜಿ ಎಲ್) |
| 9 (RLIN) | 248742 |
| 245 ## - TITLE STATEMENT | |
| Title | Hasuru honnu |
| Remainder of title | ಹಸುರು ಹೊನ್ನು |
| 260 ## - PUBLICATION, DISTRIBUTION, ETC. | |
| Place of publication, distribution, etc. | Bengaluru |
| Name of publisher, distributor, etc. | Vishva Kannada Sammelana |
| Date of publication, distribution, etc. | 1983 |
| 300 ## - PHYSICAL DESCRIPTION | |
| Extent | x,402 p |
| 365 ## - TRADE PRICE | |
| Price amount | 4 |
| Currency code | INR |
| 520 ## - SUMMARY, ETC. | |
| Summary, etc. | ಸಸ್ಯಶಾಸ್ತ್ರಜ್ಞ ಮತ್ತು ಲೇಖಕ ಡಾ. ಬಿ.ಜಿ.ಎಲ್. ಸ್ವಾಮಿ ಅವರ ಪ್ರಸಿದ್ಧ ಕೃತಿಯಾಗಿದ್ದು, ಇದು ಸಸ್ಯಗಳ ಬಗ್ಗೆ ಹಾಸ್ಯ, ಮಾನವೀಯ ಸ್ಪರ್ಶ ಮತ್ತು ವೈಜ್ಞಾನಿಕ ವಿವರಗಳೊಂದಿಗೆ ಬರೆದ ಒಂದು ಅನನ್ಯ ಪ್ರವಾಸ ಕಥನವಾಗಿದೆ. ಈ ಪುಸ್ತಕಕ್ಕೆ ಕೇಂದ್ರ ಸಾಹಿತ್ಯ ಅಕಾಡೆಮಿ ಪ್ರಶಸ್ತಿ (1978) ಲಭಿಸಿದ್ದು, ನೂರಾರು ಗಿಡಮರಗಳನ್ನು ಪರಿಚಯಿಸುತ್ತಾ, ಸಾಮಾನ್ಯ ಓದುಗರಿಗೂ ಅರ್ಥವಾಗುವಂತೆ ಸರಳ ಭಾಷೆಯಲ್ಲಿ ಬರೆದ ಕನ್ನಡ ಸಾಹಿತ್ಯದ ಮೇರುಕೃತಿ ಎಂದು ಪರಿಗಣಿಸಲಾಗಿದೆ. <br/>ವಿಷಯ: ಸಸ್ಯಗಳ ಗುರುತಿಸುವಿಕೆ, ಅವುಗಳ ಜೀವನ ಕ್ರಮ, ಉಪಯೋಗಗಳು, ಹಾಗೂ ಸ್ವಾಮಿಯವರ ವೈಜ್ಞಾನಿಕ ಪ್ರವಾಸಗಳ ಅನುಭವಗಳನ್ನು ವಿವರಿಸುತ್ತದೆ.<br/>ವಿಶೇಷತೆ: ಹಲಸಿನ ಮರ, ಮೆಣಸಿನಕಾಯಿ ಗಿಡದಂತಹ ಪರಿಚಿತ ಗಿಡಗಳ ಬಗ್ಗೆ ಹೊಸ ಮಾಹಿತಿಯನ್ನು ನೀಡುತ್ತದೆ. |
| 563 ## - BINDING INFORMATION | |
| Binding note | PB |
| 650 ## - SUBJECT ADDED ENTRY--TOPICAL TERM | |
| Topical term or geographic name entry element | Kannada Prose |
| 9 (RLIN) | 248743 |
| 906 ## - LOCAL DATA ELEMENT F, LDF (RLIN) | |
| a | Hasuru honnu |
| 942 ## - ADDED ENTRY ELEMENTS (KOHA) | |
| Source of classification or shelving scheme | Dewey Decimal Classification |
| Koha item type | Book |
| Withdrawn status | Lost status | Source of classification or shelving scheme | Damaged status | Not for loan | Collection code | Home library | Current library | Date acquired | Cost, normal purchase price | Total Checkouts | Full call number | Barcode | Date last seen | Uniform Resource Identifier | Price effective from | Koha item type |
|---|---|---|---|---|---|---|---|---|---|---|---|---|---|---|---|---|
| Dewey Decimal Classification | Kannada | St Aloysius Library | St Aloysius Library | 09/18/1998 | 4.00 | K894.4 SVAH | BB04084 | 07/08/2021 | https://archive.org/details/ndlc_hasiru-honnu-by-b.-g.-l-swamy-kannada-book-vishva-kannada-sammelan | 07/08/2021 | Book Bank |